000 00368nam a22001337a 4500
020 _qPB.
040 _cFIZZA ISHAQ
082 _a808.0427
_bJAC
100 _aBERKE,JACQUELINE.
_9133735
245 _aTWENTY QUESTIONS FOR THE WRITER /
_cJACQUELINE BERKE.
260 _aNEW YORK ;
_bHARCOURT BRACE JOVANOVICH,
_c1972.
300 _a528 P. ;
_c9.1X6.1IN
942 _2ddc
_cBK
999 _c616664
_d616664